书目信息 |
| 题名: |
忠诚比能力更重要
|
|
| 作者: | 权锡哲 著 | |
| 分册: | ||
| 出版信息: | 北京 人民邮电出版社 2010.04 |
|
| 页数: | 163页 | |
| 开本: | 24cm | |
| 丛书名: | 弗布克职业素质培训系列 | |
| 单 册: | ||
| 中图分类: | F272.92 | |
| 科图分类: | ||
| 主题词: | 企业--Qi Ye--职工--职业道德 | |
| 电子资源: | ||
| ISBN: | 978-7-115-20540-7 | |
| 000 | 01107nam 2200241 450 | |
| 001 | 0011292439 | |
| 005 | 20100531153407.89 | |
| 010 | @a978-7-115-20540-7@dCNY22.00 | |
| 100 | @a20100515d2010 em y0chiy0110 ea | |
| 101 | 0 | @achi |
| 102 | @aCN@b110000 | |
| 105 | @aa z 000yy | |
| 200 | 1 | @a忠诚比能力更重要@Azhong cheng bi neng li geng zhong yao@f权锡哲著 |
| 210 | @a北京@c人民邮电出版社@d2010.04 | |
| 215 | @a163页@c图@d24cm | |
| 225 | 2 | @a弗布克职业素质培训系列@AFu Bu Ke Zhi Ye Su Zhi Pei Xun Xi Lie |
| 330 | @a一个人缺少能力,可以通过团队协作来弥补;但如果一个人缺少忠诚,通过任何途径都是无法弥补的。从这个角度讲,忠诚比能力更重要。本书从“谁是职场最优秀的人”这一问题出发,通过对“忠诚胜于能力”和“你该如何忠诚”两项命题的解读,详细地论述了忠诚与成功、忠诚与责任、忠诚与方法、忠诚与执行的关系,并给出了对企业忠诚、对团队忠诚、对上司忠诚、对客户忠诚的具体操作办法,把忠诚从理念变成了实务。 | |
| 410 | 0 | @12001 @a弗布克职业素质培训系列 |
| 606 | 0 | @a企业@AQi Ye@x职工@x职业道德 |
| 690 | @aF272.92@v4 | |
| 701 | 0 | @a权锡哲@Aquan xi zhe@4著 |
| 801 | 0 | @aCN@c20100515 |
| 905 | @dF272.92@eQ857@f3 | |
| 忠诚比能力更重要/权锡哲著.-北京:人民邮电出版社,2010.04 |
| 163页:图;24cm.-(弗布克职业素质培训系列) |
| ISBN 978-7-115-20540-7:CNY22.00 |
| 一个人缺少能力,可以通过团队协作来弥补;但如果一个人缺少忠诚,通过任何途径都是无法弥补的。从这个角度讲,忠诚比能力更重要。本书从“谁是职场最优秀的人”这一问题出发,通过对“忠诚胜于能力”和“你该如何忠诚”两项命题的解读,详细地论述了忠诚与成功、忠诚与责任、忠诚与方法、忠诚与执行的关系,并给出了对企业忠诚、对团队忠诚、对上司忠诚、对客户忠诚的具体操作办法,把忠诚从理念变成了实务。 |
| ● |
| 相关链接 |
|
|
|
正题名:忠诚比能力更重要
索取号:F272.92/Q857
 
预约/预借
| 序号 | 登录号 | 条形码 | 馆藏地/架位号 | 状态 | 备注 |
| 1 | 984947 | 209849477 | 社科库409/409社科库 90排3列1层/ [索取号:F272.92/Q857] | 在馆 | |
| 2 | 984948 | 209849486 | 社科库409/409社科库 90排3列1层/ [索取号:F272.92/Q857] | 在馆 | |
| 3 | 984949 | 209849495 | 社科库409/409社科库 90排3列1层/ [索取号:F272.92/Q857] | 在馆 |